00475 2200169 4500001002100000008004100021035002000062245005800082100001500140260003100155300002100186020002200207084001800229082001000247650003400257990001400291INLIS000000000000820 ind  a0010-0426000017 aSoal dan Penyelesaian Kimia Organik Vol.1cRiswiyanto aRiswiyanto aJakarta :bErlangga,c2023 a337 hlm.c30 cm. a978-623-180-332-0 a540.7 RIS s-1 a540.7 aKimia Organik - Kumpulan Soal a000001529